00232nam a2200097Ia 4500008004100000100001800041245002700059260002200086260000900108999001700117170620s9999 xx 000 0 und d aPandey- V. C. 0aEducational Technology bDelhi- Isha Books c2006 c24172d24172